000
00319nam a22001457a 4500
008
230705b ||||| |||| 00| 0 eng d
020
_a
9781591943020
041
_a
eng
080
_a
37
082
_a
37LAN
100
_a
23
101
_a
EDU
245
_a
THE READING WRITING CONNECTION
_c
LANGAN.J
942
_2
udc
_c
BK
999
_c
60089
_d
60089